Statistics for A to Z Rock Bands by guitarist

Click here to take the quiz!

General Stats

  • This quiz has been taken 231 times
    (214 since last reset)
  • The average score is 13 of 25

Answer Stats

Guitarist Answer % Correct
Kurt CobainNNirvana
98%
Brian MayQQueen
94%
Noel GallagherOOasis
90%
Jimmy PageLLed Zeppelin
89%
Dave GrohlFFoo Fighters
89%
Pete TownshendWThe Who
84%
Billy GibbonsZZZ Top
76%
Lou ReedVVelvet Underground
74%
Tony IommiBBlack Sabbath
72%
Eric Clapton (first band)YThe Yardbirds
70%
Jerry GarciaGGrateful Dead
68%
Glen FreyEThe Eagles
64%
Billy CorganSSmashing Pumpkins
62%
Dave DaviesKThe Kinks
50%
Robby KriegerDThe Doors
48%
Alex LifesonRRush
45%
Stone GossardPPearl Jam
40%
Mick MarsMMötley Crüe
38%
Bernard SumnerJJoy Division
18%
Mick BoxUUriah Heep
18%
Win ButlerAArcade Fire
17%
Bob MouldHHüsker Dü
15%
Billy DuffieCThe Cult
12%
Rik EmmettTTriumph
7%
Daniel KesslerIInterpol
4%

Score Distribution

Percentile by Number Answered

Percent of People with Each Score

Your Score History

You have not taken this quiz since the last reset